Highest-Grossing Bollywood Movies Released in 2015 (Top 10) - Statistics

General Stats
  • This quiz has been taken 2 times
  • The average score is 4 of 10
Answer Stats
Answer % Correct
3 Dilwale
100%
7 ABCD 2
50%
10 Baby
50%
1 Bajrangi Bhaijaan
50%
8 Drishyam
50%
2 Prem Ratan Dhan Payo
50%
5 Tanu Weds Manu: Returns
50%
4 Bajirao Mastani
0%
9 Dil Dhadakne Do
0%
6 Welcome Back
0%
No matching quizzes found
Score Distribution
Percent of People with Each Score
Percentile by Number Answered
Your Score History
You have not taken this quiz